Pokémon commençant par la lettre K (français) - Statistiques

Statistiques générales
  • Ce quiz a été pris 482 fois
    289 depuis la dernière actualisation
  • Le résultat moyen est 19 sur 28
Statistiques - réponses
Numéro Pokémon % Correct
140 Kabuto
88%
141 Kabutops
88%
158 Kaiminus
86%
099 Krabboss
83%
098 Krabby
83%
115 Kangourex
82%
090 Kokiyas
81%
106 Kicklee
80%
237 Kapoera
78%
382 Kyogre
74%
352 Kecleon
73%
064 Kadabra
72%
281 Kirlia
70%
647 Keldeo
69%
344 Kaorine
68%
408 Kranidos
68%
646 Kyurem
68%
365 Kaimorse
66%
399 Keunotor
66%
539 Karaclée
65%
328 Kraknoix
62%
691 Kravarech
62%
433 Korillon
60%
798 Katagami
57%
1007 Koraidon
57%
833 Khélocrok
50%
853 Krakos
46%
619 Kungfouine
46%
Aucun quiz correspondant
Distribution des résultats
% des personnes avec chaque résultat
Percentile par nombre de réponses
Votre historique - résultats
Vous n’avez pas pris ce quiz depuis la dernière actualisation